Statistics for NBA Player Nicknames

Click here to take the quiz!

General Stats

  • This quiz has been taken 146 times
  • The average score is 17 of 19

Answer Stats

Nickname Player % Correct
The Black MambaKobe Bryant
100%
MeloCarmelo Anthony
100%
Air JordanMichael Jordan
100%
The KingLeBron James
99%
DurantualaKevin Durant
96%
Dr.JJulius Erving
94%
Lin-SanityJeremy Lin
93%
The DeiselShaquille O'Neal
93%
SupermanDwight Howard
93%
Uncle DrewKyrie Irving
93%
VinsanityVince Carter
92%
The MailmanKarl Malone
91%
The DreamHakeem Olajuwon
88%
The AnswerAllen Iverson
88%
The GlydeClyde Drexler
86%
Pistol PetePete Maravich
85%
FlashDwyane Wade
78%
The StiltWilt Chamberlain
74%
The MatrixShawn Marion
46%

Score Distribution

Percentile by Number Answered

Percent of People with Each Score

Your Score History

You have not taken this quiz